| 000 | 00523nam a2200169 i 4500 | ||
|---|---|---|---|
| 001 | 77240 | ||
| 003 | ES-MaACL | ||
| 005 | 20230906173127.0 | ||
| 007 | t| | ||
| 008 | 041007s1964 sp ||||1| spa d | ||
| 100 | 1 |
_aHamann, Karl. _961636 |
|
| 245 | 1 | 4 |
_aLos plásticos y la Química macromolecular / _cKarl Hamann ; versión por Ramón Pallarés Barbat. |
| 260 |
_aBarcelona : _bGustavo Gili, _c1964. |
||
| 300 |
_a166 p. ; _c19 cm. |
||
| 700 | 1 |
_aPallarés Barbat, Ramón. _988579 |
|
| 852 |
_aES-MaACL _jC-27032 _bR.55941 |
||
| 999 |
_c77240 _d77240 |
||